Things I Don't Like - Pictures - Statistics

General Stats
  • This quiz has been taken 208 times
  • The average score is 7 of 9
Answer Stats
Picture Answer % Correct
Soccer
97%
Donald Trump
91%
Cats
89%
Reading
89%
Wildfires
86%
Los Angeles Lakers
83%
Alarms
78%
Avocadoes
70%
New England Patriots
55%
No matching quizzes found
Score Distribution
Percent of People with Each Score
Percentile by Number Answered
Your Score History
You have not taken this quiz